| 000 | 00511ntaaa2200193 4500 | ||
|---|---|---|---|
| 003 | 01 | ||
| 005 | 20251027202245.0 | ||
| 008 | 0714s1973 ag 01 | ||
| 040 |
_aAR-BaBN _bspa _cAR-BaBN _eaacr _dRIC |
||
| 082 | _a268.4000 W87 | ||
| 100 |
_aWoodworth, R.O. _920950 |
||
| 245 | _aHow to operate a sunday school | ||
| 250 | _a1 ed. | ||
| 260 |
_aGrand Rapids : _bZondervan Publishing House, _cc1061 |
||
| 300 | _as.p. | ||
| 650 |
_aeducación religiosa _94601 |
||
| 650 |
_aescuela dominical _94648 |
||
| 942 | _cBK | ||
| 999 |
_c17345 _d17345 |
||